Highest Season Point Per Game all time Per Team - Statistics

General Stats
  • This quiz has been taken 9 times
  • The average score is 21 of 30
Answer Stats
Team PPG Player % Correct
Pelicans 28.1 Anthony Davis
100%
Rockets 36.1 James Harden
100%
Cavs 31.1 LeBron James
100%
Mavs 32.4 Luka Doncic
100%
Bulls 37.1 Michael Jordan
100%
Nets 27.5 Vince Carter
100%
Raptors 27.6 Vince Carter
100%
Warriors 50.4 Wilt Chamberlain
100%
76ers 33.5 Wilt Chamberlain
100%
Trailblazers 30.0 Damian Lillard
88%
Celtics 30.1 Jayson Tatum
88%
Bucks 31.7 Kareem Abdul-Jabbar
88%
Thunder 32.0 Kevin Durant
88%
Magic 32.1 Tracy McGrady
88%
Nuggets 29.8 Alex English
75%
Clippers 34.5 Bob McAdoo
75%
Hawks 31.1 Bob Pettit
75%
Grizzlies 26.2 Ja Morant
75%
Jazz 31.1 Pete Maravich
75%
Lakers 38.3 Elgin baylor
63%
Spurs 33.1 George Gervin
63%
Knicks 32.9 Bernard King
50%
Hornets 26.8 Glen Rice
50%
Pistons 29.8 Jerry Stackhouse
38%
Timberwolves 26.1 Kevin Love
25%
Suns 27.2 Tom Chambers
25%
Pacers 26.6 Billy Knight
13%
Kings 34.0 Nate Archibald
13%
Wizards 31.6 Walt Bellamy
13%
Heat 30.2 Dwayne Wade
0%
No matching quizzes found
Score Distribution
Percent of People with Each Score
Percentile by Number Answered
Your Score History
You have not taken this quiz